000 00589nam a22002177a 4500
003 LK-CoMWRAF
005 20240106102044.0
008 231218b2006 |||||||| |||| 00| 0 eng d
020 _a9551257006
040 _aLK-CoMWRAF
_dLK-CoMWRAF
_eLK-CoMWRAF
041 _aeng
082 _a362.88
_bWIJ
100 _aWijeratne, S.S.
245 _aVictims of crime
260 _aColombo:
_bCenter for victims of crime, Superior courts complex,
_c2006
300 _aiv.,63 p.
650 _aVICTIMS OF CRIME
650 _aGender based violence
700 _aAmarasinghe, Hemamali
942 _cBK
999 _c4523
_d4523